Регионална библиотека "Любен Каравелов" - Русе

Диалог между две изкуства (Запис номер 444)

MARC детайли
000 -Лидер
Контролно поле с фиксирана дължина 01726nam a2200409 a 4500
003 - Код на организацията, давaща контролен номер
Контролно поле BLK
005 - Дата и час на последна редакция
Контролно поле 20240202144830.0
008 - Елементи от данни с фиксирана дължина
fixed length control field 180412b bul|||||r ||||||| ||bul||
010 ## - Наследен системен номер
LC control number KNG00000712000
020 ## - Международен стандартен номер на книга ISBN
Международен стандартен номер на книга ISBN 954-443-049-0
040 ## - Източник на каталожния запис
Идентификатор на билиотеката - собственик на записа BLK
041 ## - Код за език
Код за езика на текст/звукозапис или на отделно заглавие Български
Код за езика КДБФ Български
080 ## - УДК
Текстов определител УДК Живопис - съвременни направления - Реализъм, импресионизъм и др. направления на ХХ в.
УДК код - определител по УДК 75.036
УДК определител (497.2)
УДК - код + определител 75.036(497.2)
080 ## - УДК
Текстов определител УДК Българска литература
УДК код - определител по УДК 821.163.2
УДК определител .01
УДК - код + определител 821.163.2.01
100 1# - Редна дума - Автор
Автор Аврамов, Димитър Григоров
Авторска отговорност първи автор
R(LIN) 242421
139 ## - Редно поле
Редна дума Аврамов, Димитър Григоров
Авторски знак Авр - А 20
245 10 - Сведения за заглавието
Заглавие Диалог между две изкуства
Подзаглавни данни Изследване
Редно поле (дума) Димитър Григоров Аврамов.
257 ## - Страна на издаване
Страна на създаване/издаване България
260 ## - Област на издателските данни
Място на издаване, разпространение и проч. София
Име на издателя, разпространителя и проч. Бълг. писател
Година на издаване 1993
300 ## - Физическа характеристика
Страници 454 с.
Размери/Мащаб 21 см
380 ## - Жанр
Жанр Изкуство
500 ## - Общи забележки
Забележка 1 500 тир.
650 #4 - Допълнително описание по предмет – тема
Основно описание – тема или топоним Изобразително изкуство, българско - теория и естетика
9 (RLIN) 242422
650 #4 - Допълнително описание по предмет – тема
Основно описание – тема или топоним Българска литература - теория и естетика
9 (RLIN) 242423
650 #4 - Допълнително описание по предмет – тема
Основно описание – тема или топоним Литературна критика, българска
9 (RLIN) 241943
651 #4 - Допълнително описание по предмет - топоним
Географско понятие България
9 (RLIN) 241624
653 ## - Ключова дума – ненормативна
Ключова дума изобразително изкуство
653 ## - Ключова дума – ненормативна
Ключова дума литературна критика
852 ## - Местоположение
Форматна сигнатура Цб 176098
Фондова буква Хранилище
856 4# - Електронен адрес и достъп
Електронен формат pdf - файл
Път до файла /url/
856 4# - Електронен адрес и достъп
Електронен формат pdf - файл
Път до файла /url/
942 ## - АРТИКУЛИ
Вид на библиотечния материал Книги
Скрит в OPAC Не
Koha issues (borrowed), all copies 5
944 ## - СЪЗДАВАНЕ И РЕДАКЦИЯ на ЗАПИСА
Създаване/Редакция Създаване
Дата на регистрацията/редакция 15.01.2003
Статус, дата на статуса Цветомила Тодорова
Служител, извършил регистрацията/редакцията 30576
944 ## - СЪЗДАВАНЕ И РЕДАКЦИЯ на ЗАПИСА
Създаване/Редакция Редакция
Дата на регистрацията/редакция 08.04.2013
Статус, дата на статуса ф /
999 ## - СИСТЕМНИ КОНТРОЛНИ НОМЕРА
Koha biblionumber 444
Koha biblioitemnumber 444
999 ## - СИСТЕМНИ КОНТРОЛНИ НОМЕРА
Koha biblioitemnumber 444
999 ## - СИСТЕМНИ КОНТРОЛНИ НОМЕРА
Koha biblioitemnumber 444
Наличности
Код за отписване Код за изгубен артикул Източник на класификационната схема Код за повреда Коз за рестрикции Код за отдаване Артикулен № Име на библиотеката - собственик Име на библиотеката, в която се намира в момента Статус (Текущо местоположение) Дата на вписване в системата Местоположение - отдел Цена в лева Инвентарен номер Систематично азбучна сигнатура Баркод Номер на екземпляра Цена в евро Служебна бележка Служебен тип на артикула
  Не е изгубен Universal Decimal Classification Не е повреден без рестрикции ползва се в читалня 863 Регионална библиотека "Любен Каравелов" Русе Регионална библиотека "Любен Каравелов" Русе Хранилище 1993-01-01 Хранилище 0.56 599966 Цб 176098 120000599966 1 0.29 Дост: Dp Вид: Д N: 7 Дата: 01.01.1993 Книги
  Не е изгубен Universal Decimal Classification Не е повреден без рестрикции заемане за дома 864 Регионална библиотека "Любен Каравелов" Русе Регионална библиотека "Любен Каравелов" Русе Отдел Изкуство - подръчен фонд 1993-01-01 Отдел Изкуство - подръчен фонд 28.00 595502 75.03(497.2)/А 20 120000595502 2 14.32 Дост: Pk Вид: Ф N: стар фонд Дата: 01.01.1993 Дата инв: 16.02.2015 Бележки инв: ИП2015 Книги
Изтеглен Не е изгубен Universal Decimal Classification Не е повреден без рестрикции заемане за дома 865 Регионална библиотека "Любен Каравелов" Русе Регионална библиотека "Любен Каравелов" Русе Отдел Изкуство - подръчен фонд 1993-01-01 Отдел Изкуство - подръчен фонд 28.00 595503 75.03(497.2)/А 20 595503 3 14.32 Дост: Pk Вид: Ф N: стар фонд Дата: 01.01.1993 Дата инв: 16.02.2015 Бележки инв: ИП2015 Книги
  Не е изгубен Universal Decimal Classification Не е повреден без рестрикции заемане за дома 866 Регионална библиотека "Любен Каравелов" Русе Регионална библиотека "Любен Каравелов" Русе Отдел Изкуство - подръчен фонд 2012-09-05 Отдел Изкуство - подръчен фонд 28.00 120000759652 75.03(497.2)/А 20 120000759652 4 14.32 Дост: DA Вид: А N: 18 Дата: 03.09.2012 Книги
Vip Innovations Ltd, Rousse, Bulgaria 2025